|
|
|
|
| LEADER |
01373nam a2200337 a 4500 |
| 001 |
1789 |
| 003 |
BD-DhAAL |
| 005 |
20150607111827.0 |
| 008 |
150607s1990 mdu b 001 0 eng |
| 010 |
|
|
|a 90040313
|
| 020 |
|
|
|a 0389209376
|
| 040 |
|
|
|a DLC
|c DLC
|d DLC
|d BD-DhAAL
|
| 050 |
0 |
0 |
|a PR3332
|b .S78 1990
|
| 082 |
0 |
0 |
|a 820.9/004
|2 20
|
| 100 |
1 |
|
|a Stuart, Sim.
|9 11733
|
| 245 |
1 |
0 |
|a Negotiations with paradox :
|b narrative practice and narrative form in Bunyan and Defoe /
|c Stuart Sim.
|
| 260 |
|
|
|a Savage, Md. :
|b Barnes & Noble Books,
|c 1990.
|
| 300 |
|
|
|a xi, 217 p. ;
|c 23 cm.
|
| 504 |
|
|
|a Includes bibliographical references (p. 187-210) and index.
|
| 541 |
|
|
|e 1789
|
| 600 |
1 |
0 |
|a Bunyan, John,
|d 1628-1688
|x Technique.
|9 11734
|
| 600 |
1 |
0 |
|a Defoe, Daniel,
|d 1661?-1731
|x Technique.
|9 11735
|
| 600 |
1 |
0 |
|a Defoe, Daniel,
|d 1661?-1731
|x Religion.
|9 11736
|
| 600 |
1 |
0 |
|a Bunyan, John,
|d 1628-1688
|x Religion.
|9 11737
|
| 650 |
|
0 |
|a Narration (Rhetoric)
|x History
|y 17th century.
|9 11738
|
| 650 |
|
0 |
|a Narration (Rhetoric)
|x History
|y 18th century.
|9 11739
|
| 650 |
|
0 |
|a Calvinism in literature.
|9 11740
|
| 650 |
|
0 |
|a Paradox in literature.
|9 11741
|
| 942 |
|
|
|2 ddc
|c BK
|
| 999 |
|
|
|c 34627
|d 34627
|
| 952 |
|
|
|0 0
|1 0
|2 ddc
|4 0
|6 820_900400000000000_STU
|7 0
|9 54078
|a SCL
|b SCL
|c GEN
|d 2015-06-07
|e Gift: The Asia Foundation
|l 3
|m 23
|o 820.9004 STU
|p 3020001789
|r 2026-04-28
|s 2026-04-21
|t 1
|w 2015-06-07
|y BK
|